| 000 | 00560nmc a2200229 a 4500 | ||
|---|---|---|---|
| 003 | AR-BaBNM | ||
| 005 | 20251128203206.0 | ||
| 008 | 247019s1965 ||||||||||||||000 | spa|| | ||
| 040 | _cAR-BaBNM | ||
| 100 | 1 | _aFrancois, Denis | |
| 245 | 1 | 0 | _aCarolina a bordo |
| 260 |
_aBuenos Aires _bKapelusz _c1965 |
||
| 300 |
_a190 p. _bil. |
||
| 490 | 0 |
_aIridium _vv. 24 |
|
| 650 | 4 | _aLIBROS PARA NINOS | |
| 650 | 4 | _aCUENTOS DE AVENTURAS | |
| 650 | 4 | _aLITERATURA INFANTIL | |
| 650 | 4 | _aHISTORIAS DE AMOR | |
| 655 | _aLITERATURA | ||
| 942 | _cBK | ||
| 998 | _cMARTIN | ||
| 999 |
_c2318 _d2318 |
||